| 000 | 00734nam a2200241 u 4500 | ||
|---|---|---|---|
| 005 | 20221126064842.0 | ||
| 008 | 121015s2003 es r 000 0 spa d | ||
| 020 | _a8426120652 | ||
| 035 | _aUPN01000187532 | ||
| 049 | _aI | ||
| 050 | 4 |
_aPZ75 _bO9.3 2003 |
|
| 100 | 1 |
_aOxenbury, Helen, _d1938- _929786 |
|
| 245 | 1 | 0 |
_aEn casa de los abuelos / _cHelen Oxenbury ; tr. Concepción Zendrera. |
| 250 | _a5a ed. | ||
| 260 |
_aBarcelona [Esp.] : _bJuventud, _c2003. |
||
| 300 |
_a18 p. : _bil. |
||
| 440 | 0 | _aMis primeros libros de imágenes | |
| 650 | 7 |
_aAbuelos _vLiteratura infantil _2 _911576 |
|
| 650 | 0 |
_aAbuelos y nietos _911989 |
|
| 650 | 7 |
_aAbuelos _xRelaciones familiares _2 _915613 |
|
| 905 | _aInfantil | ||
| 999 |
_c159635 _d159635 |
||